Voyager avec des enfants (notice n° 1555927)

détails MARC
000 -LEADER
fixed length control field 01206cam a2200289zu 4500
003 - CONTROL NUMBER IDENTIFIER
control field FRCYB88801979
005 - DATE AND TIME OF LATEST TRANSACTION
control field 20251020123953.0
008 - FIXED-LENGTH DATA ELEMENTS--GENERAL INFORMATION
fixed length control field 251020s2005 fr | o|||||0|0|||fre d
020 ## - INTERNATIONAL STANDARD BOOK NUMBER
International Standard Book Number 9782894647363
035 ## - SYSTEM CONTROL NUMBER
System control number FRCYB88801979
040 ## - CATALOGING SOURCE
Original cataloging agency FR-PaCSA
Language of cataloging fr
Transcribing agency
Description conventions rda
100 1# - MAIN ENTRY--PERSONAL NAME
Personal name Chagnon, Isabelle
245 01 - TITLE STATEMENT
Title Voyager avec des enfants
Statement of responsibility, etc. ['Chagnon, Isabelle', 'Kiefer, Lio']
264 #1 - PRODUCTION, PUBLICATION, DISTRIBUTION, MANUFACTURE, AND COPYRIGHT NOTICE
Name of producer, publisher, distributor, manufacturer Ulysse (Guides de voyage)
Date of production, publication, distribution, manufacture, or copyright notice 2005
300 ## - PHYSICAL DESCRIPTION
Extent p.
336 ## - CONTENT TYPE
Content type code txt
Source rdacontent
337 ## - MEDIA TYPE
Media type code c
Source rdamdedia
338 ## - CARRIER TYPE
Carrier type code c
Source rdacarrier
520 ## - SUMMARY, ETC.
Summary, etc. Ce guide se veut un document de référence pour toutes les étapes d’un voyage effectué avec des enfants – avant, pendant et après –, près de chez soi ou à l’étranger, en camping ou en hôtel cinq étoiles. Il propose des centaines de trucs de voyage, parfois surprenants, toujours efficaces, selon l’âge de l’enfant ou encore selon le mode de transport emprunté.
650 #0 - SUBJECT ADDED ENTRY--TOPICAL TERM
Topical term or geographic name entry element
700 0# - ADDED ENTRY--PERSONAL NAME
Personal name Chagnon, Isabelle
700 0# - ADDED ENTRY--PERSONAL NAME
Personal name Kiefer, Lio
856 40 - ELECTRONIC LOCATION AND ACCESS
Access method Cyberlibris
Uniform Resource Identifier <a href="https://international.scholarvox.com/netsen/book/88801979">https://international.scholarvox.com/netsen/book/88801979</a>
Electronic format type text/html
Host name

Pas d'exemplaire disponible.

PLUDOC

PLUDOC est la plateforme unique et centralisée de gestion des bibliothèques physiques et numériques de Guinée administré par le CEDUST. Elle est la plus grande base de données de ressources documentaires pour les Étudiants, Enseignants chercheurs et Chercheurs de Guinée.

Adresse

627 919 101/664 919 101

25 boulevard du commerce
Kaloum, Conakry, Guinée

Réseaux sociaux

Powered by Netsen Group @ 2025